| Tag |
First Indicator |
Second Indicator |
Subfields |
| LEADER |
00000cam a2200000 a 4500 |
| 001 |
in00002083421 |
| 005 |
20151102141640.0 |
| 008 |
050728s2005 fr a 000 0 eng |
| 010 |
|
|
|a 2005279731
|
| 020 |
|
|
|a 848332671X
|
| 020 |
|
|
|a 9702212162
|
| 020 |
|
|
|a 2035421411
|
| 035 |
|
|
|a (OCoLC)ocm61262491
|
| 040 |
|
|
|a DLC
|c DLC
|d BAKER
|d UtOrBLW
|
| 041 |
0 |
|
|a eng
|a spa
|
| 049 |
|
|
|a TXAM
|
| 050 |
0 |
0 |
|a PC4628
|b .C65 2005
|
| 082 |
0 |
0 |
|a 463/.21
|2 22
|
| 245 |
0 |
0 |
|a College dictionary, Spanish-English, English-Spanish.
|
| 246 |
1 |
4 |
|a Larousse college dictionary, Spanish
|
| 246 |
1 |
5 |
|a Diccionario compact plus, español-inglés, inglés-español
|
| 264 |
|
1 |
|a Paris, France :
|b Larousse ;
|c [2005]
|
| 264 |
|
2 |
|a Boston :
|b Distribution and sales, Houghton Mifflin,
|
| 264 |
|
4 |
|c ©2005
|
| 300 |
|
|
|a xviii, 710, 20 pages :
|b illustrations ;
|c 22 cm.
|
| 336 |
|
|
|a text
|b txt
|2 rdacontent
|
| 337 |
|
|
|a unmediated
|b n
|2 rdamedia
|
| 338 |
|
|
|a volume
|b nc
|2 rdacarrier
|
| 500 |
|
|
|a "200,000 translations"--Cover.
|
| 650 |
|
0 |
|a Spanish language
|v Dictionaries
|x English.
|
| 650 |
|
0 |
|a English language
|v Dictionaries
|x Spanish.
|
| 710 |
2 |
|
|a Larousse (Firm)
|
| 945 |
|
|
|i PromptCat
|
| 946 |
|
|
|a west,stk
|
| 947 |
|
|
|a A14832705756
|
| 948 |
|
|
|a cataloged
|b h
|c 2005/10/27
|d c
|e achopde
|f 11:24:58 am
|
| 994 |
|
|
|a 92
|b TXA
|
| 999 |
|
|
|a MARS
|
| 999 |
f |
f |
|s 3cafac9a-7b80-305d-a9a0-c7b7f88b1da4
|i a4b2e0bd-d404-378a-93ef-35a5bac32767
|t 0
|
| 952 |
f |
f |
|p normal
|a Texas A&M University
|b College Station
|c Sterling C. Evans Library
|d Evans: Library Stacks
|t 0
|e PC4628 .C65 2005
|h Library of Congress classification
|i unmediated -- volume
|m A14832705756
|
| 998 |
f |
f |
|a PC4628 .C65 2005
|t 0
|l Evans: Library Stacks
|